| 000 | 01305cam a22004454i 4500 | ||
|---|---|---|---|
| 003 | PE-LiUPU | ||
| 005 | 20250731173519.0 | ||
| 008 | 150616s1982 na r 000 0 eng d | ||
| 020 | _a0817009434 | ||
| 035 | _a(Sirsi) i9780817009434 | ||
| 040 |
_aPE-LiUPU _bspa _cPE-LiUPU _erda |
||
| 049 | _aPRUA | ||
| 082 | 0 | 4 |
_a254.5 _bE46c _223 |
| 100 | 1 |
_aElliot, Ralph H, _eautor. |
|
| 245 | 1 | 0 |
_aChurch growth that counts / _cRalph H. Elliott. |
| 264 | 1 |
_aValle Forge, PA : _bJudson Press, _c1982. |
|
| 300 |
_a126 páginas ; _c21 centímetros. |
||
| 336 |
_atext _2rdacontent |
||
| 337 |
_aunmediated _2rdamedia |
||
| 338 |
_avolume _2rdacarrier |
||
| 504 | _aBibliografía: páginas 121-126. | ||
| 505 | 0 | _aA theology of church -- The shape of the local parish. | |
| 526 | _aSEG42 | ||
| 526 | _aSEG41 | ||
| 526 | _aSEG40 | ||
| 526 | _aSEG39 | ||
| 526 | _aP94 | ||
| 526 | _aP87 | ||
| 526 | _aP86 | ||
| 526 | _aP85 | ||
| 526 | _aP77 | ||
| 526 | _aP76 | ||
| 526 | _aP35 | ||
| 650 | 0 |
_aCrecimiento de iglesia _91396 |
|
| 910 | _ajck | ||
| 942 |
_2ddc _cBK _n0 |
||
| 949 |
_wDEWEY _c1 _i41848 _lCCODEBUL1 _mBUL _r0 _sY _tBOOK _u2015-6-16 _xTEOLOGIA _zUNKNOWN _0COMPRA _o.STAFF. Colección Teología |
||
| 980 |
_81 _gALBERTO SANCHEZ Responsable de Automatización |
||
| 999 |
_c59512 _d59512 |
||